| 000 | 00996nam a2200277Ia 4500 | ||
|---|---|---|---|
| 003 | GCL | ||
| 008 | 140319s9999 xx 000 0 ara d | ||
| 040 |
_aGCL / _cGCL |
||
| 082 | 0 | 4 |
_a155.4 _bج ط |
| 100 | 1 | _aعبدالعزيز القوصى | |
| 245 | 1 | 0 |
_aالطفل من الخامسة الى العاشرة / _cعبدالعزيز القوصى |
| 700 | 1 | _aاحمد عبدالسلام الكردانى | |
| 700 | 1 | _aعبدالعزيز توفيق جاويد | |
| 700 | 1 | _aجزل، ارنولد | |
| 260 |
_a[S.N] : _bالهيئة المصرية العامة للكتاب ، _c1995 |
||
| 490 |
_aالالف كتاب الثانى _v0 |
||
| 650 | 0 | 4 | _aالاطفال |
| 650 | 0 | 4 | _aالتحليل النفسى |
| 650 | 0 | 4 | _aعلم النفس التربوى |
| 650 | 0 | 4 | _aاختبارات الذكاء |
| 650 | 0 | 4 | _aعلم النفس الارتقائى |
| 650 | 0 | 4 | _aالتخيل |
| 650 | 0 | 4 | _aالتسرب الدراسى |
| 650 | 0 | 4 | _aالتاخر الدراسى |
| 942 |
_2ddc _cBK |
||
| 999 |
_c33185 _d33185 |
||